Normal view MARC view
  • Pruebas de aptitud

Entry Materia

Number of records used in: 30

001 - NÚMERO DE CONTROL DEL REGISTRO

  • campo de control: 1418

003 - IDENTIFICADOR DE NUMERO DE CONTROL

  • campo de control: MX-MxUPN

005 - FECHA Y HORA DE LA ÚLTIMA TRANSACCIÓN

  • campo de control: 20240419164729.0

008 - DATOS DE LONGITUD FIJA

  • campo de control de longitud fija: 240419n||acnnnbabn | ana |d

035 ## - NÚMERO DE CONTROL DEL SISTEMA

  • Número de control del sistema: UPN10000001418

040 ## - FUENTE DE LA CATALOGACIÓN

  • Centro catalogador de origen: MX-MxUPN
  • Lengua de catalogación: spa
  • Agencia de transcripción: MX-MxUPN

046 ## - FECHAS CON CODIFICACIÓN ESPECIAL

  • Fecha final para contenidos agregados: 220831

053 #4 - NÚMERO CLASIFICADOR - BIBLIOTECA DEL CONGRESO (LC)

  • Elemento numérico de la clasificación - Número único o no. inicial del rango: BF431
  • Elemento numérico de la clasificación - Número único o no. final del rango: BF433
  • Frase explicativa: Psicología

150 ## - ENCABEZAMIENTO - TEMÁTICO

  • Término de materia o nombre geográfico como elemento inicial: Pruebas de aptitud

360 ## - REFERENCIA COMPLEJA DE VÉASE ADEMÁS - MATERIA

  • Texto explicativo: Véase también como subdivisión bajo encabezamientos para tipos de habilidad natural adquirida en un determinado campo

450 ## - VÉASE - MATERIA

  • Encabezamiento temático: Habilidad -
  • Subdivisión temática general: Pruebas

450 ## - VÉASE - MATERIA

  • Encabezamiento temático: Pruebas de habilidad

450 ## - VÉASE - MATERIA

  • Encabezamiento temático: Aptitud -
  • Subdivisión temática general: Pruebas

670 ## - FUENTE EN LA QUE SE LOCALIZARON DATOS

  • Cita de la fuente: LC/P
  • Información localizada: Ability-Testing

902 ## - CATALOGADOR

  • Catalogador: MEEG/280905